| 000 | 04248nam a2200445 a 4500 | ||
|---|---|---|---|
| 001 | dia_5236 | ||
| 003 | CHAP | ||
| 005 | 20250909181743.0 | ||
| 007 | ta | ||
| 008 | 220117s1996 mx abd frm 001 0 spa d | ||
| 010 | _a176145 | ||
| 040 |
_cCHAP _amxchpua _erda |
||
| 041 | 0 |
_aspa _beng |
|
| 090 |
_aTesis _bG37 _c1996 |
||
| 100 | 1 | _aGarcía Beltrán, José Natividad | |
| 245 | 1 | 0 |
_aAplicación de etefón y ácido naftalen acético en laboratorio y campo y su efecto sobre la inducción floral y calidad del fruto de piña (Ananas comosus (L.) Merr.) cv. Cayena Lisa en la región del bajo Papaloapan / _cJosé Natividad García Beltrán |
| 264 |
_aChapingo, México : _bEl autor, _c1996 |
||
| 300 |
_aii, 73 hojas : _bilustraciones, mapas, gráficas, diagramas, tablas |
||
| 336 |
_2rdacontent _atexto _btxt |
||
| 337 |
_2rdamedia _ano mediado _bn |
||
| 338 |
_2rdacarrier _avolumen _bnc |
||
| 502 |
_aTesis _b(Ingeniero Agroindustrial) -- _cUACh. Departamento de Ingeniería Agroindustrial, _d1996 |
||
| 504 | _aBibliografía: hojas 62-64 | ||
| 520 | 3 | _aEn un esfuerzo por comprender mejor los mecanismos y la fisiologia de la flor ación en piña v con el fin de entender la efectividad del forzamiento, se investiga aqui los inductores exógenos ETEFON y Acido Naftalén Acético (ANA) y su efecto en la producción de etileno por tejidos frescos de planta de piña a nivel laboratorio y su efectividad en la iniciación floral en campo, asi como su efecto sobre la calidad del fruto. Las fases de campo y laboratorio incluyeron experimentos factoriales completamente al azar. cuyos niveles fueron concentración de etefón y número de aplicacion es, asi como tipo de inductor exógeno, concentraciones probadas, tamaño de planta adicionados con y sin coadyuvantes, respectivamente. La concentración de etileno endógeno liberado se midió por cromatografia de gases, encontrándose lo siguiente. Etefón respondió positivamente al desprendimiento de etileno endógeno por tejidos de la planta, más no asi ANA; variando la respuesta de 1.18 a 169.5 ppm, y de 0.024 a 3.8 ppm de etileno, respectivamente. No hubo diferencias significativas cuanto al tamaño de planta, por lo que desprenden etileno tanto tejido de plantas grandes, medianas como chicas. De las dosis probadas, los mejores tratamientos resulta ron ser los testigos para ambas sustancias: después de los testigos, los mejores tratamientos fueron a 600 ppm con coadyuvantes para etefón, y 200 ppm para NA. EI efecto del coadyuvante sobre la respuesta en la liberación se observa claramente al aplicar etefón en planta grande para todos los tratamientos. En la fase de campo se encontró una baja respuesta a la inducción floral al utilizar etefón: para una aplicación, el mejor tratamiento después del testigo fue a 300 ppm sin encontrarse diferencias significativas. Se obtuvo el mayor rendimiento y mejor calidad 600 ppm de etetón sin encontrarse diferencias significativas entre tratamientos; a esta misma dosis se encontró diferencias significativas al evaluar desordenes fisiológicos en fruto tanto en corona múltiple y fruto sin corona. Para dos aplicacion es de etefón, la dosis a 300 ppm reportó mayor % de inducción floral, rendimiento y mejor calidad encontrarse diferencias significativas. Incidió mayormente corona múltiple al tratar a 600 ppn de etefón reportando diferencias significativas entre tratamientos. El tratamiento a 300 ppm de etefón efectuado en dos aplicaciones resultó ser el mejor en cuanto a las variables de respuesta analizadas. | |
| 650 | 1 | 0 |
_aPiñas _2atg _xFloración |
| 650 | 1 | 3 |
_aEtefón _2atg |
| 650 | 1 | 3 |
_aAcido naftalenacético _2atg |
| 650 | 1 | 3 |
_aPiñas _2atg _xCalidad de la fruta |
| 650 | 1 | 3 |
_aPineapples _2atg _xFlowering |
| 650 | 1 | 3 |
_aEthephon _2atg |
| 650 | 1 | 3 |
_aNaphthaleneacetic acid _2atg |
| 650 | 1 | 3 |
_aPineapples _2atg _xFruit quality |
| 700 | 1 |
_aSánchez Peña, José Víctor _edirector |
|
| 700 | 1 |
_aChávez Franco, Sergio Humberto _easesor |
|
| 700 | 1 |
_aColinas León, María Teresa B. _easesora |
|
| 901 | _aTESIS G37 1996 | ||
| 902 | _aM | ||
| 905 | _a5232271996 mx abmn8222223322spa16 | ||
| 942 |
_cTESIS _2Clasificación Universidad Autónoma Chapingo |
||
| 999 |
_c176145 _d176145 |
||